Cinta secangkir derita (Record no. 100671)

MARC details
000 -LEADER
fixed length control field 00643nam a2200241 i 4500
001 - CONTROL NUMBER
control field C2-0296203
003 - CONTROL NUMBER IDENTIFIER
control field PPAK
005 - DATE AND TIME OF LATEST TRANSACTION
control field 20180728074559.0
008 - FIXED-LENGTH DATA ELEMENTS--GENERAL INFORMATION
fixed length control field 090415s2008 my |||| ||||| | may d
020 ## - INTERNATIONAL STANDARD BOOK NUMBER
International Standard Book Number 9789833514304
040 ## - CATALOGING SOURCE
Original cataloging agency PPAK
Language of cataloging eng
Transcribing agency PPAK
Description conventions rda
082 04 - DEWEY DECIMAL CLASSIFICATION NUMBER
Classification number 899.233
Edition number 23
090 00 - LOCALLY ASSIGNED LC-TYPE CALL NUMBER (OCLC); LOCAL CALL NUMBER (RLIN)
Classification number (OCLC) (R) ; Classification number, CALL (RLIN) (NR) 899.233
Feature heading IZZ
Feature heading G
100 0# - MAIN ENTRY--PERSONAL NAME
Personal name Izzate Aizha,
Relator term author
245 10 - TITLE STATEMENT
Title Cinta secangkir derita
264 #1 - PRODUCTION, PUBLICATION, DISTRIBUTION, MANUFACTURE, AND COPYRIGHT NOTICE
Place of production, publication, distribution, manufacture Kuala Lumpur :
Name of producer, publisher, distributor, manufacturer Tintarona Publications ,
Date of production, publication, distribution, manufacture, or copyright notice 2008
300 ## - PHYSICAL DESCRIPTION
Extent 303 pages ;
Dimensions 19 cm
336 ## - CONTENT TYPE
Source rdacontent
Content type term text
337 ## - MEDIA TYPE
Source rdamedia
Media type term unmediated
338 ## - CARRIER TYPE
Source rdacarrier
Carrier type term volume
650 10 - SUBJECT ADDED ENTRY--TOPICAL TERM
Topical term or geographic name entry element Malay fiction.
942 ## - ADDED ENTRY ELEMENTS (KOHA)
-- dc
Koha item type Book
Holdings
Withdrawn Not for loan Current library Shelving location Date acquired Full call number Barcode Date last seen Koha item type Total Checkouts Date last checked out
    Perpustakaan Alor Setar Pinjaman Dewasa 06/05/2009 899.233 IZZ A01285327 09/05/2018 Book    
    Perpustakaan Awam Sungai Petani Pinjaman Dewasa 06/05/2009 899.233 IZZ A01285328 09/05/2018 Book    
    Perpustakaan Baling Pinjaman Dewasa 06/05/2009 899.233 IZZ A01285334 09/05/2018 Book    
    Perpustakaan Jitra Pinjaman Dewasa 06/05/2009 899.233 IZZ A01285329 09/05/2018 Book    
    Perpustakaan Kuala Nerang Pinjaman Dewasa 06/05/2009 899.233 IZZ A01285336 09/05/2018 Book    
    Perpustakaan Kulim Pinjaman Dewasa 06/05/2009 899.233 IZZ A01285331 15/11/2023 Book 1 21/10/2023
    Perpustakaan Yan Pinjaman Dewasa 06/05/2009 899.233 IZZ A01285332 05/08/2020 Book 1 27/07/2020
    T-PD26, Kg. Lubuk Batu, Jitra Pinjaman Dewasa 06/05/2009 899.233 IZZ A01285337 09/05/2018 Book